Nutrition and Food Science/ (Record no. 189647)

MARC details
000 -LEADER
fixed length control field 00541nam a22001817a 4500
005 - DATE AND TIME OF LATEST TRANSACTION
control field 20220708151442.0
010 ## - LCCN (DPL NO)
LC control number ENG-133449
020 ## - INTERNATIONAL STANDARD BOOK NUMBER
International Standard Book Number 9788193115313
Terms of availability 600.00
035 ## - SYSTEM CONTROL NUMBER
System control number EN-116981
037 ## - SOURCE OF ACQUISITION
Source of stock number/acquisition DBAD/PUB
082 ## - DEWEY DECIMAL CLASSIFICATION NUMBER
Classification number 613.2
100 ## - MAIN ENTRY--PERSONAL NAME
Personal name Gupta, Manoj
245 ## - TITLE STATEMENT
Title Nutrition and Food Science/
Statement of responsibility, etc Manoj Gupta
260 ## - PUBLICATION, DISTRIBUTION, ETC. (IMPRINT)
Place of publication, distribution, etc Mumbai
Name of publisher, distributor, etc Jyoti Publication
Date of publication, distribution, etc 2018
270 ## - ADDRESS
City Mumbai
Postal code 400056
Address 4/121 Frances Seth Chawl Society Road, Irla, Vile Parle West
300 ## - PHYSICAL DESCRIPTION
Extent 167p.
Dimensions 20cm(pbk)
942 ## - ADDED ENTRY ELEMENTS (KOHA)
Source of classification or shelving scheme Dewey Decimal Classification
Item type English Books
Classification part 613.2
Call number suffix GUP
Holdings
Withdrawn status Lost status Not for loan Collection code Home library Current library Date acquired Source of acquisition Cost, normal purchase price Full call number Barcode Copy number Cost, replacement price Koha item type
      Non-fiction Ashok Vihar Ashok Vihar 08/07/2022 DBAD/PUB 600.00 613.2 GUP EN-116981 1 600.00 English Books

© Delhi Public Library
Hit Counter
free hit counter